LEADER 00726cam0 22002413 450 001 SON0008090 005 20150403073352.0 100 $a20040107d1919 |||||ita|0103 ba 101 $aita 102 $aIT 200 1 $aProse scelte$fGabriele D'Annunzio 210 $aMilano$cTreves$dstampa 1919 215 $aXI, 399 p.$d19 cm 700 1$aD'Annunzio$b, Gabriele$3AF00006044$4070$03236 801 0$aIT$bUNISOB$c20150403$gRICA 850 $aUNISOB 852 $aUNISOB$j850$m3536 912 $aSON0008090 940 $aM 102 Monografia moderna SBN 941 $aM 957 $a850$b000270$gSI$d3536$rACQUISTO$1rovito$2UNISOB$3UNISOB$420150403072254.0$520150403073352.0$6rovito 996 $aProse scelte$9236901 997 $aUNISOB LEADER 00978cam0 22002773 450 001 SON0005710 005 20200910075144.0 100 $a20010305d1961 |||||ita|0103 ba 101 $aita 102 $aIT 200 1 $aScritti d'arte di Federico Zuccaro$fa cura di Detlef Heikamp 210 $aFirenze$cLeo S. Olschki$d1961 215 $aXIV, 322 p.$d24 cm 225 2 $aFonti per lo studio della Storia dell'Arte$v1 410 1$1001LAEC00017932$12001 $a*Fonti per lo studio della Storia dell'Arte$v1 700 1$aHeikamp$b, Detlef$3AF00010600$4070$0215451 702 1$aZUCCARO, Federico$3AF00021008$4070 801 0$aIT$bUNISOB$c20200910$gRICA 850 $aUNISOB 852 $aUNISOB$j700$m65772 912 $aSON0005710 940 $aM 102 Monografia moderna SBN 941 $aM 957 $a700$b000889$gSI$d65772$rACQUISTO$1Alfano$2UNISOB$3UNISOB$420160913090327.0$520160913090342.0$6Alfano 996 $aScritti d'arte di Federico Zuccaro$91675398 997 $aUNISOB